| 000 | 00894nas a2200301 4500 | ||
|---|---|---|---|
| 001 | BR2013008894 | ||
| 003 | BR-BrBNA | ||
| 005 | 20231205123204.0 | ||
| 007 | ta | ||
| 008 | 230509b bl.|||p| |||| 00| 00por d | ||
| 040 |
_aBR-BrBNA _bpor _cBiblioteca Nacional de Agricultura |
||
| 041 | _a(Pt) | ||
| 072 | _aF62 | ||
| 100 | 1 | _aCorreia, A.C.G. | |
| 100 | 1 | _aSantana, R.C. | |
| 100 | 1 | _aOliveira, M.L.R. de | |
| 100 | 1 | _aTiton, M. | |
| 100 | 1 | _aAtaíde, G. da M. | |
| 100 | 1 | _aLeite, F.P. | |
| 245 | 1 | _aVolume de substrato e idade: influência no desempenho de mudas clonais de eucalipto após replantio | |
| 650 | _aEUCALIPTO | ||
| 650 | _aCRESCIMENTO | ||
| 650 | _aCLONE | ||
| 650 | _aMÉTODO ESTATÍSTICO | ||
| 773 | 0 |
_tCerne (Brazil) _xISSN 0104-7760 _g(Apr-Jun 2013), v. 19(2) p. 185-191 _wBR2013008894 |
|
| 909 |
_a202311 _bLúcia _c55 _dLúcia Elande |
||
| 942 |
_2AGRIS _n0 _cANA |
||
| 999 |
_c232599 _d232599 |
||